Country by Picture of a UNESCO Site - Europe - Statistics

General Stats
  • This quiz has been taken 226 times
  • The average score is 10 of 18
Answer Stats
Picture Answer % Correct
Netherlands
92%
Germany
87%
Turkey
87%
France
86%
Greece
70%
Belgium
68%
Spain
59%
Croatia
58%
United Kingdom
54%
Bulgaria
46%
Italy
43%
Portugal
38%
Austria
36%
Albania
35%
Denmark
34%
Finland
33%
Serbia
30%
Poland
24%
No matching quizzes found
Score Distribution
Percent of People with Each Score
Percentile by Number Answered
Your Score History
You have not taken this quiz